000 00747nam a2200289Ia 4500
001 3333
005 20240113233624.0
007 ta
008 050427s1994 a g b000 u eng u
040 _aCotton College,Assam
041 _aeng
082 _a530
_bVe 55 Br
100 _aVenkataraman, G. .
245 0 _aThe Breakthrough: Quantum Revolution I /
_cG. Venkataraman.
_hTextual Documents
250 _a1st ed. /
260 _aHyderabad :
_bUniversities Press ,
_c1994.
300 _a189 p. :
_bill ;
_c22 cm. .
504 _aIndex
653 _aQuantum Mechanics
653 _aPhysics
653 _aG-Physics
942 _2ddc
_cBK
999 _c3321
_d3321